Orationes Dictae Eminentissimo S. R. Ecclesiae Cardinali, Et Celsissimo S. R. Imperii Principi Domino Domino Josepho E Comitibus Batthyán, Perpetuo in Németh Ujvár, Dei, & Apostolicae Sedis gratia Ecclesia Metropolitanae Strigoninensis Archi-Episcopo, Sanctae Sedis Apostolicae Legato Nato, Primati Regni Hungariae, Summo, & Secretario Cancellario, Insignis Ordinis 3. Stephani Regis Apostolici Praelato perpetuo, & magnae Crucis Equiti, Comitatuum Castriferrei perpetuo, Strigoniensis autem Supremo, & perpetuo Comiti, Utriusque Sacrae Caesareae, & Regio-Apostolicae Majestatis Actuali Intimo Status, & Excelsi Consilii Regii Locumtenentialis Hungarii Consiliario, Excelsae item Tabulae Septem-Viralis Co-Judici &c. &c. Dum Ei Amplissima Sacrae Purpurae insignia, primumque ab acceptis illis in Ditionem suam Strigoniensem ingressum Magistratus, Et Sacerdotium Provinciale Festis Honoribus GratulabaturNonis Julii Anno M.DCC.LXXVIII.

Podrobná bibliografia
Hlavný autor: Faba, Šimon (Autor)
Korporatívny autor: Regiae Universitatis (Budapešť, Maďarsko) (Tlačiar)
Médium: Kniha
Jazyk:latinčina
Fyzický popis:19 strán 21 cm
Predmet:

MARC

LEADER 00000nam a2200000 4500
001 vtls012230357
003 SK-MaSNL
005 20260425232150.0
008 230524s1778 hu 0 0n0 lat
015 |a SNBHFA 
040 |a SNKHF  |b slo  |c SNKHF  |e rda 
041 0 |a lat 
044 |a hu  |c HU 
072 7 |a 808  |x Literárny štýl. Literárna činnosť a technika. Efektívne využívanie jazyka. Spisovateľská činnosť  |2 konspekt 
080 |a 808.5-051  |2 2011 
080 |a (439)  |2 2011 
100 1 |a Faba, Šimon  |4 aut  |9 466693 
245 1 0 |a Orationes Dictae Eminentissimo S. R. Ecclesiae Cardinali, Et Celsissimo S. R. Imperii Principi Domino Domino Josepho E Comitibus Batthyán, Perpetuo in Németh Ujvár, Dei, & Apostolicae Sedis gratia Ecclesia Metropolitanae Strigoninensis Archi-Episcopo, Sanctae Sedis Apostolicae Legato Nato, Primati Regni Hungariae, Summo, & Secretario Cancellario, Insignis Ordinis 3. Stephani Regis Apostolici Praelato perpetuo, & magnae Crucis Equiti, Comitatuum Castriferrei perpetuo, Strigoniensis autem Supremo, & perpetuo Comiti, Utriusque Sacrae Caesareae, & Regio-Apostolicae Majestatis Actuali Intimo Status, & Excelsi Consilii Regii Locumtenentialis Hungarii Consiliario, Excelsae item Tabulae Septem-Viralis Co-Judici &c. &c. Dum Ei Amplissima Sacrae Purpurae insignia, primumque ab acceptis illis in Ditionem suam Strigoniensem ingressum Magistratus, Et Sacerdotium Provinciale Festis Honoribus GratulabaturNonis Julii Anno M.DCC.LXXVIII.  |c Oratore Simone Faba, Praeposito S. Georgii de Viridi Campo Strigoniensi, & S. Stephani Proto-Martyris de Keo ad Tibiscum, Ecclesiae Metropolitanae Strigoniensis Canonico, Archi-Diacono Cathedrali, Sacrorum Canonum Doctore, Bonorum Strigoniensium Plenipotentiario Praefecto 
264 3 |a Budae  |b Typis Regiae Universitatis Anno Ut Supra  |c M.DCC.LXXVIII. (1778) 
300 |a 19 strán  |c 21 cm 
336 |a text  |b txt  |2 rdacontent 
337 |a bez média  |b n  |2 rdamedia 
338 |a zväzok  |b nc  |2 rdacarrier 
501 |a Príväzok 11. k: KLEMENT, XIV. Bulla cassationis Societatis Jesu. Romae: Ex Typographia Rev. Cam. Apostol., MDCCLXXIII. (1773)  |5 SNK SC 43509/prív.11 
600 1 7 |a Baťán, Jozef,  |d 1727-1799  |2 SNKMA  |9 169661 
650 0 7 |a príležitostné reči  |2 SNKPH  |9 281460 
650 0 7 |a príležitostné tlače  |2 SNKPH  |9 88198 
651 7 |a Ostrihom (Maďarsko)  |2 SNKPHgeo  |9 21449 
700 1 7 |a Baťán, Jozef,  |d 1727-1799  |4 hnr  |9 169661 
710 2 |a Regiae Universitatis (Budapešť, Maďarsko)  |4 prt  |9 265656 
752 |a Maďarsko  |d Budapešť 
852 |a Slovenská národná knižnica  |b Historické fondy  |p SC 43509/prív.11 
958 |a DD 
958 |a ONDV 
999 |c 730985  |d 732915 
952 |a SNK  |b SNK  |c SNK_KF  |y PREZ  |7 0  |p 17A1486334  |o snkSC 43509/prív.11  |i snkF 4164/78  |8 5  |0 0  |1 0  |4 0  |d 2023-05-24  |l 0  |r 2026-02-23 22:28:33  |w 2026-02-23